LEADER 01145nam--2200361---450- 001 990002100280203316 005 20070215171705.0 010 $a88-348-0455-4 035 $a000210028 035 $aUSA01000210028 035 $a(ALEPH)000210028USA01 035 $a000210028 100 $a20041021d1991----km-y0itay50------ba 101 0 $aita 102 $aIT 105 $a||||||||001yy 200 1 $a<> modifiche del processo civile$elegge 26 novembre 1990, n. 353$eprovvedimenti urgenti per il processo civile$fCrisanto Mandrioli 210 $aTorino$cGiappichelli$d1991 215 $a214 p.$d25 cm 606 0 $aProvvedimenti di urgenza$xDiritto processuale civile 606 0 $aGiudice di pace$xLegislazione 676 $a347.4505 700 1$aMANDRIOLI,$bCrisanto$0227204 801 0$aIT$bsalbc$gISBD 912 $a990002100280203316 951 $aSANT.9 4 23$b842 DDPG$cSANT.9 959 $aBK 969 $aDDPG 979 $aSIAV5$b10$c20041021$lUSA01$h1311 979 $aDDPG1$b90$c20070105$lUSA01$h1538 979 $aDDPG1$b90$c20070215$lUSA01$h1717 996 $aModifiche del processo civile$91037761 997 $aUNISA LEADER 03452oam 2200685Ia 450 001 9910784213803321 005 20231017230444.0 010 $a1-281-36845-8 010 $a9786611368456 010 $a1-4039-8029-2 024 7 $a10.1057/9781403980298 035 $a(CKB)1000000000342827 035 $a(SSID)ssj0000219149 035 $a(PQKBManifestationID)11199988 035 $a(PQKBTitleCode)TC0000219149 035 $a(PQKBWorkID)10221796 035 $a(PQKB)10656028 035 $a(DE-He213)978-1-4039-8029-8 035 $a(MiAaPQ)EBC307554 035 $a(Au-PeEL)EBL307554 035 $a(CaPaEBR)ebr10135675 035 $a(CaONFJC)MIL136845 035 $a(OCoLC)560537999 035 $a(EXLCZ)991000000000342827 100 $a20040928d2005 uy 0 101 0 $aeng 135 $aurnn#008mamaa 181 $ctxt$2rdacontent 182 $cc$2rdamedia 183 $acr$2rdacarrier 200 12$aA peaceful Jihad $enegotiating identity and modernity in Muslim Java /$fRonald Lukens-Bull 205 $a1st ed. 210 1$aNew York :$cPalgrave Macmillan,$d2005. 215 $a1 online resource (xvii, 152 pages) $cillustrations 225 1 $aContemporary anthropology of religion 300 $aBibliographic Level Mode of Issuance: Monograph 311 0 $a1-4039-6660-5 311 0 $a1-4039-6658-3 320 $aIncludes bibliographical references (p. [139]-147) and index. 327 $aNegotiating Tradition, Modernity, and Identity The "House" That Change Built "Politics" by Other Means: Using Education to Negotiate Change Beyond Education You Are Who You Follow: Negotiating Leadership and Community Identity A Peaceful Jihad in a Globalizing World References Cited 330 $aBased on extensive ethnographic research, this book examines how the Islamic community in Java, Indonesia, is actively negotiating both modernity and tradition in the contexts of nation-building, globalisation, and a supposed clash of civilizations. The pesantren community, so-called because it is centered around an educational institution called the pesantren, uses education as a central arena for dealing with globalization and the construction and maintenance of an Indonesian Islamic identity. However, the community's efforts to wrestle with these issues extend beyond education into the public sphere in general and specifically in the area of leadership and politics. The case material is used to understand Muslim strategies and responses to civilizational contact and conflict. Scholars, educated readers, and advanced undergraduates interested in Islam, religious education, the construction of religious identity in the context of national politics and globalization will find this work useful. 410 0$aContemporary anthropology of religion. 606 $aIslamic religious education$zIndonesia$zJava 606 $aIslamic modernism$zIndonesia$zJava 606 $aIslam$xSocial aspects$zIndonesia$zJava 606 $aIslam and state$zIndonesia$zJava 607 $aJava (Indonesia)$xReligion 615 0$aIslamic religious education 615 0$aIslamic modernism 615 0$aIslam$xSocial aspects 615 0$aIslam and state 676 $a305.8 700 $aLukens-Bull$b Ronald$01578974 801 0$bMiAaPQ 801 1$bMiAaPQ 801 2$bMiAaPQ 906 $aBOOK 912 $a9910784213803321 996 $aA peaceful Jihad$93858692 997 $aUNINA LEADER 01043nam 2200373 450 001 9910822232603321 005 20230803015701.0 010 $a2-8062-4950-3 035 $a(CKB)3820000000022938 035 $a(Au-PeEL)EBL4466504 035 $a(CaPaEBR)ebr11190899 035 $a(OCoLC)946263428 035 $a(MiAaPQ)EBC4466504 035 $a(EXLCZ)993820000000022938 100 $a20160513h20132013 uy 0 101 0 $afre 135 $aurcnu|||||||| 181 $2rdacontent 182 $2rdamedia 183 $2rdacarrier 200 10$aLevinas $efiche philosophe /$fdocument re?dige? par Natacha Cerf 210 1$a[Place of publication not identified] :$cLePetitPhilosophe.fr,$d2013. 210 4$dİ2013 215 $a1 online resource (22 pages) 320 $aIncludes bibliographical references. 676 $a194 700 $aCerf$b Natacha$0852741 801 0$bMiAaPQ 801 1$bMiAaPQ 801 2$bMiAaPQ 906 $aBOOK 912 $a9910822232603321 996 $aLevinas$93956425 997 $aUNINA